| 000 | 00643nmm a2200169Ia 4500 | ||
|---|---|---|---|
| 008 | 251105s9999||||xx |||||||||||||||||und|| | ||
| 020 | _a9788499800172 | ||
| 041 | _aspa | ||
| 100 | _aPérez Gómez, Ángel I. (coord.) | ||
| 245 | 0 | _aAprender a enseñar en la práctica: procesos de innovación y prácticas de formación en la educación secundaria | |
| 264 |
_a[Madrid, España] : _bMinisterio de Educación, Cultura y Deporte de España, _c2010 |
||
| 300 | _a216 páginas | ||
| 490 | _aFormación del profesorado. Educación secundaria | ||
| 650 | _aEducation | ||
| 856 | _uhttps://public.digitaliapublishing.com/a/30242 | ||
| 942 | _cCF | ||
| 999 |
_c93229 _d93229 |
||